Theology and meaning : a critique of metatheological scepticism.

Guardado en:
Detalles Bibliográficos
Autor principal: Heimbeck, Raeburne Seeley
Formato: Libro
Lenguaje:English
Publicado: London : G. Allen and Unwin, [1969].
Materias:
LEADER 00859nam a2200229 i 4500
001 c000249611
003 CARM
005 00000000000000.0
008 840410s1969 enk 0 eng d
019 1 |a 65447  |z 58091125  |5 LACONCORD2021 
035 |a (OCoLC)70558  |5 LACONCORD2021 
082 0 4 |a 201 
100 1 |a Heimbeck, Raeburne Seeley. 
245 1 0 |a Theology and meaning :  |b a critique of metatheological scepticism. 
260 |a London :  |b G. Allen and Unwin,  |c [1969]. 
300 |a 276 p. 
500 |a Bibliography: p. 261-269. 
650 0 |a Language and languages  |x Religious aspects. 
650 0 |a Semantics (Philosophy) 
852 8 |b CARM  |h A2:AO38G0  |i B07508  |p 0328172  |f BK 
999 f f |i 9cb947b1-905e-5d7e-a762-8a6b1387760d  |s 009cf1d7-aa40-5432-ad31-bb8efb071a24 
952 f f |p Can circulate  |a CAVAL  |b CAVAL  |c CAVAL  |d CARM 1 Store  |e B07508  |f A2:AO38G0  |h Other scheme  |i book  |m 0328172